The information society as post- industrial society

Αποθηκεύτηκε σε:
Λεπτομέρειες βιβλιογραφικής εγγραφής
Κύριος συγγραφέας: Masuda, Yoneji
Μορφή: Βιβλίο
Γλώσσα:Undetermined
Έκδοση: Tokyo Institute for the Information Society 1980
Θέματα:
Ετικέτες: Προσθήκη ετικέτας
Δεν υπάρχουν, Καταχωρήστε ετικέτα πρώτοι!
Thư viện lưu trữ: Trung tâm Học liệu Trường Đại học Cần Thơ
LEADER 00572nam a2200193Ia 4500
001 CTU_99124
008 210402s9999 xx 000 0 und d
082 |a 303.48 
082 |b M424 
100 |a Masuda, Yoneji 
245 4 |a The information society as post- industrial society 
245 0 |c Yoneji Masuda 
260 |a Tokyo 
260 |b Institute for the Information Society 
260 |c 1980 
650 |a Information science,Technology,Computerrization 
650 |x Social aspect 
904 |i M.Loan 
980 |a Trung tâm Học liệu Trường Đại học Cần Thơ